Optimum Array Processing Detection,Estimation,and Modulation Theory (Record no. 23791)
[ view plain ]
| 000 -LEADER | |
|---|---|
| fixed length control field | 00354nam a22001097a 4500 |
| 008 - FIXED-LENGTH DATA ELEMENTS--GENERAL INFORMATION | |
| fixed length control field | 140121b xxu||||| |||| 00| 0 eng d |
| 020 ## - INTERNATIONAL STANDARD BOOK NUMBER | |
| International Standard Book Number | 0471093904 |
| Terms of availability | Available |
| 082 ## - DEWEY DECIMAL CLASSIFICATION NUMBER | |
| Classification number | 627.38TER |
| Author Mark | 002569 |
| 100 ## - MAIN ENTRY--PERSONAL NAME | |
| Miscellaneous information | HB,1443p |
| 245 ## - TITLE STATEMENT | |
| Title | Optimum Array Processing Detection,Estimation,and Modulation Theory |
| Statement of responsibility, etc. | Trees Van |
| Medium | English |
| 260 ## - PUBLICATION, DISTRIBUTION, ETC. | |
| Place of publication, distribution, etc. | Canada |
| Name of publisher, distributor, etc. | John Wiley & Sons |
| Date of publication, distribution, etc. | 2002 |
| Withdrawn status | Lost status | Source of classification or shelving scheme | Damaged status | Not for loan | Collection code | Permanent Location | Current Location | Shelving location | Date acquired | Total Checkouts | Full call number | Barcode | Date last seen | Price effective from | Koha item type |
|---|---|---|---|---|---|---|---|---|---|---|---|---|---|---|---|
| School of Interdisciplinary Engineering and Sciences (SINES) | School of Interdisciplinary Engineering and Sciences (SINES) | 01/21/2014 | 627.38TER | RCMS002569 | 01/21/2014 | 01/21/2014 | Book |
